Vylepšenie kvality zdrojového kódu porovnávaním zdrojových kódov

Salvato in:
Dettagli Bibliografici
Autore principale: Gulis, Martin (Autore)
Altri autori: Chudá, Daniela (Relatore della tesi)
Natura: Manoscritto Libro
Lingua:slovacco
Pubblicazione: 2019
Soggetti:
Accesso online:http://is.stuba.sk/zp/portal_zp.pl?podrobnosti=145535
Tags: Aggiungi Tag
Nessun Tag, puoi essere il primo ad aggiungerne!!

MARC

LEADER 00000ntm a22000003a 4500
001 stuzp74958
003 SK-STU
005 20190622212600.6
007 ta
008 150427s2015----xo-----f-mn---000-0-slo-d
040 |a STU  |b slo 
041 0 |a slo 
100 1 |a Gulis, Martin  |u 070200  |k Z4  |4 aut  |U FIIT Fakulta informatiky a informačných technológií  |T FIIT Ústav informatiky, informačných systémov a softvérového inžinierstva  |X 73890  |U I200  |Y 179  |7 73890 
242 0 1 |a Improving source code quality by comparing source codes  |y eng 
245 1 0 |a Vylepšenie kvality zdrojového kódu porovnávaním zdrojových kódov 
260 |c 2019 
650 4 |a zdrojový kód  |2 slo 
650 4 |a kvalita  |2 slo 
650 4 |a podobnosť  |2 slo 
650 4 |a source code  |2 eng 
650 4 |a quality  |2 eng 
650 4 |a similarity  |2 eng 
700 1 |a Chudá, Daniela  |u 070200  |k Z1  |4 ths  |U FIIT Fakulta informatiky a informačných technológií  |T FIIT Ústav informatiky, informačných systémov a softvérového inžinierstva  |X 38061  |U I200  |Y 179  |7 000038061 
856 4 |u http://is.stuba.sk/zp/portal_zp.pl?podrobnosti=145535